Monitoring Ecological Condition in the Western United States : Proceedings of the Fourth Symposium on the Environmental Monitoring and Assessment Program (EMAP), San Francisco, CA, April 6-8, 1999 /

This volume is the proceedings of a symposium held on April 6-8, 1999, in San Francisco, CA, USA, and sponsored by the US Environmental Protection Agency's (EPA) Environmental Monitoring and Assessment Program (EMAP). EMAP is the primary program of the EPA's Office of Research and Developm...

Full description

Bibliographic Details
Corporate Authors: Symposium on the Environmental Monitoring and Assessment Program San Francisco, Calif., SpringerLink (Online service)
Other Authors: Sandhu, Shabeg S., Melzian, Brian D., Long, Edward R., Whitford, Walter G., Walton, Barbara T.
Format: Conference Proceeding eBook
Language:English
Published: New York : Springer, [2000]
Subjects:
Online Access:Connect to the full text of this electronic book

MARC

Tag First Indicator Second Indicator Subfields
LEADER 00000cam a2200000Ma 4500
001 in00003544729
006 m o d
007 cr nn|||||||||
008 121227s2000 nyu o 100 0 eng d
005 20260422200626.3
020 |a 9789401143431 (electronic bk.) 
020 |a 9401143439 (electronic bk.) 
020 |z 9789401058704 
035 |a (OCoLC)840310232 
040 |a I9W  |b eng  |e pn  |c I9W  |d OCLCQ  |d GW5XE  |d OCLCF  |d OCLCO  |d UtOrBLW 
049 |a TXAM 
050 4 |a QH541.15.M64  |b S97 1999 
082 0 4 |a 363.7/063  |2 21 
111 2 |a Symposium on the Environmental Monitoring and Assessment Program  |n (4th :  |d 1999 :  |c San Francisco, Calif.) 
245 1 0 |a Monitoring Ecological Condition in the Western United States :  |b Proceedings of the Fourth Symposium on the Environmental Monitoring and Assessment Program (EMAP), San Francisco, CA, April 6-8, 1999 /  |c edited by Shabeg S. Sandhu, Brian D. Melzian, Edward R. Long, Walter G. Whitford, Barbara T. Walton. 
246 3 |a Proceedings of the Fourth Symposium on the Environmental Monitoring Assessment Program (EMAP), San Francisco, CA, USA, April 6-8, 1999 
264 1 |a New York :  |b Springer,  |c [2000] 
264 4 |c ©2000 
300 |a 1 online resource (452 pages) 
336 |a text  |b txt  |2 rdacontent 
337 |a computer  |b c  |2 rdamedia 
338 |a online resource  |b cr  |2 rdacarrier 
520 |a This volume is the proceedings of a symposium held on April 6-8, 1999, in San Francisco, CA, USA, and sponsored by the US Environmental Protection Agency's (EPA) Environmental Monitoring and Assessment Program (EMAP). EMAP is the primary program of the EPA's Office of Research and Development to advance the science of statistically-based ecosystem monitoring; and establish baseline conditions and trends of the nation's natural resources. The first volume in this series of EMAP-sponsored symposium proceedings addressed 'Monitoring Ecological Condition at Regional Scales' (1998). The current proceedings was the result of the 'EMAP Symposium on Western Ecological Systems' (1999), and presaged the new EMAP Western Pilot Study, which will include one third of the contiguous United States. The information found in these proceedings on the state of monitoring science, and existing monitoring programs undertaken by Federal and State agencies, academic institutions, tribal governments, and environmental protection interest groups helped to establish a starting point for embarking on the EMAP Western Pilot. This volume represents current scientific and management approaches, and the results of monitoring and assessment in the western US ecosystems. The chapter topics include regional assessments, approaches to database design, landscape considerations, water quality and land use, and focuses on watersheds, lakes and rivers, and marine coastal areas. Publication of these proceedings constitutes a sound starting point for the assessment of the ecological resources in the western US and will facilitate collaborative efforts in the development and application of sound approaches to monitoring and assessment of ecological resources in the US and abroad. 
500 |a Electronic resource. 
650 0 |a Environmental monitoring  |v Congresses. 
650 7 |a Environmental monitoring.  |2 fast  |0 (OCoLC)fst00913214 
655 7 |a Electronic books.  |2 local 
655 7 |a Conference proceedings.  |2 fast  |0 (OCoLC)fst01423772 
700 1 |a Sandhu, Shabeg S. 
700 1 |a Melzian, Brian D. 
700 1 |a Long, Edward R. 
700 1 |a Whitford, Walter G. 
700 1 |a Walton, Barbara T. 
710 2 |a SpringerLink (Online service) 
856 4 0 |u http://proxy.library.tamu.edu/login?url=https://link.springer.com/10.1007/978-94-011-4343-1  |z Connect to the full text of this electronic book  |t 0 
994 |a 92  |b TXA 
999 |a MARS 
999 f f |s 807c30bb-cbd5-38ff-b703-26b456e17412  |i ae6d4d48-ade0-34a5-9616-99b11dbc4cc9  |t 0 
952 f f |a Texas A&M University  |b College Station  |c Electronic Resources  |s www_evans  |d Available Online  |t 0  |e QH541.15.M64 S97 1999  |h Library of Congress classification 
998 f f |a QH541.15.M64 S97 1999  |t 0  |l Available Online